01632 a2200193 45000010006000000050017000060080041000230030015000640400040000790800031001192450039001502640052001893000019002415051106002600410008013661000022013747000019013967000023014155432520260407155815.0260407a1959 arg spa dAR-UNSa-BCEJYS aAR-UNSa-BCEJYSbspacAR-UNSa-BCEJYS a330xEconomía en general10aEconomíapPrincipios y problemas 1aBuenos Aires :bBibliográfica Argentinac1959 a578 p.c23 cm. a1. La naturalleza de la actividad económica - 23. Organización económica - 3. La economía norteamericana - 4. Población, recursos y tecnología - 5. Producción - 6. el papel del consumidor - 7. La renta naional - 8. Determinación de ingresos y empleo:I - 9. Determinación de ingresos y empleo:II - 10. El dinero y sus funciones - 11. La provisión de dinero y el sistema bancario - 12. El dinero, el nivel de precios y el empleo - 13. Inestabilidad económica - 14. Políticas del gobierno para asegurar y mantener la ocupación plena - 15. La determinación de los precios y la distribución de los ingresos - 16. Costos de producción y oferta - 17. Monopolio y competencia imperfecta - 18. La distribución de los ingresos - 19. Desigualdad ecionómica - 20. Finanzas públicas - 21. El problema obrero - 22. El seguro social y el problema del trabajo personal - 23. El problema del monopolio - 24. Reglamentación de los servicios públicos - 25. La economía de la agricultura - 26. Relaciones económicas internacionales - 27. Socialismoo, comunismo y capitalismo  aspa1 aUmbreit, Myron H.1 aHunt, Elgin F.1 aKinter, Charles V.